Il trecento

Zapisane w:
Opis bibliograficzny
1. autor: Sapegno, Natalino (Autor)
Format: Książka
Język:włoski
Wydane: Milán Dottor Francesco Vallardi 1955
Wydanie:2a. ed
Seria:Storia letteraria d'Italia
Hasła przedmiotowe:
Etykiety: Dodaj etykietę
Nie ma etykietki, Dołącz pierwszą etykiete!

MARC

LEADER 00000nam a2200000 a 4500
001 UCZ3632
003 CL-VaPUC
008 951027e19550000IT |||||||||||||||||ita|d
082 0 4 |a 852.09  |b SAP  |2 21 
100 0 |a Sapegno, Natalino  |e author  |9 347425 
245 1 3 |a Il trecento 
250 |a 2a. ed 
300 |a 648 p 
942 |c BK 
945 |d 19951027 00:00:00  |a rleighto 
260 |a Milán  |b Dottor Francesco Vallardi  |c 1955 
650 0 |a Literatura italiana  |9 266970 
650 0 |a Comedia italiana  |9 265582 
650 0 |a Crítica literaria   |9 269189 
583 |a last modification  |c 19951027 00:00:00  |k Rodrigo Vera 
490 0 |a Storia letteraria d'Italia 
999 |c 240087  |d 240085